Biathlètes mondiaux par images #2 - Statistiques

Statistiques générales
  • Ce quiz a été pris 25 fois
  • Le résultat moyen est 11 sur 20
Statistiques - réponses
Par images Hint Réponse % Correct
France Lou Jeanmonnot
100%
Suède Elvira Öberg
96%
France Martin Fourcade
96%
Italie Dorothea Wierer
91%
Italie Tommaso Giacomel
91%
Norvège Tarjei Bø
87%
Norvège Sturla Holm Lægreid
83%
Suède Martin Ponsiluoma
70%
Finlande Suvi Minkkinen
70%
Norvège Ole Einar Bjørndalen
57%
Norvège Tiril Eckhoff
52%
République Tchèque Michal Krčmář
48%
Biélorussie Darya Domracheva
43%
Allemagne Magdalena Neuner
30%
Suède Magdalena Forsberg
26%
Allemagne de l'Est Frank Ullrich
9%
États-Unis Oksana Masters
4%
Chine Cai Jiayun
0%
Allemagne Uschi Disl
0%
Ukraine Vitalii Lukianenko
0%
Aucun quiz correspondant
Distribution des résultats
% des personnes avec chaque résultat
Percentile par nombre de réponses
Votre historique - résultats
Vous n’avez pas pris ce quiz